El otro poder / (Registro nro. 24140)

Detalles MARC
000 -LEADER
campo de control de longitud fija 05405cam a22007214i 4500
003 - IDENTIFICADOR DE NÚMERO DE CONTROL
campo de control PE-LiUPU
005 - FECHA Y HORA DE LA ÚLTIMA TRANSACCIÓN
campo de control 20250731173021.0
008 - DATOS DE LONGITUD FIJA--INFORMACIÓN GENERAL
campo de control de longitud fija 150623s1996 ag r 000 0 spa d
020 ## - NÚMERO INTERNACIONAL ESTÁNDAR DEL LIBRO
Número Internacional Estándar del Libro 9505735677
035 ## - NÚMERO DE CONTROL DEL SISTEMA
Número de control de sistema (Sirsi) i9789505735679
040 ## - FUENTE DE CATALOGACIÓN
Centro catalogador/agencia de origen PE-LiUPU
Lengua de catalogación spa
Centro/agencia transcriptor PE-LiUPU
Normas de descripción rda
049 ## - FONDOS LOCALES (OCLC)
Biblioteca depositaria PRUA
050 ## - SIGNATURA TOPOGRÁFICA DE LA BIBLIOTECA DEL CONGRESO
Número de clasificación BX6146
Número de ítem .OP
082 04 - NÚMERO DE LA CLASIFICACIÓN DECIMAL DEWEY
Número de clasificación 286.7325
Cutter OP
Número de edición 21
082 04 - NÚMERO DE LA CLASIFICACIÓN DECIMAL DEWEY
Número de clasificación W655.52
Cutter EOP 1996
100 1# - ENTRADA PRINCIPAL--NOMBRE DE PERSONA
Nombre de persona White, Elena G. de,
Término indicativo de función/relación autor.
245 13 - MENCIÓN DEL TÍTULO
Título El otro poder /
Mención de responsabilidad, etc. Elena G. de White.
250 ## - MENCION DE EDICION
Mención de edición Primera edición.
264 #1 - PRODUCCIÓN, PUBLICACIÓN, DISTRIBUCIÓN, FABRICACIÓN Y COPYRIGHT
Producción, publicación, distribución, fabricación y copyright Florida, Buenos Aires :
Nombre del de productor, editor, distribuidor, fabricante Asociación Casa Editora Sudamericana,
Fecha de producción, publicación, distribución, fabricación o copyright 1996.
300 ## - DESCRIPCIÓN FÍSICA
Extensión 192 páginas ;
Dimensiones 18 centímetros
336 ## - TIPO DE CONTENIDO
Término de tipo de contenido text
Fuente rdacontent
337 ## - TIPO DE MEDIO
Nombre/término del tipo de medio unmediated
Fuente rdamedia
338 ## - TIPO DE SOPORTE
Nombre/término del tipo de soporte volume
Fuente rdacarrier
500 ## - NOTA GENERAL
Nota general El ejemplar 47614 va al Centro White, el 47613 a Circulación.
505 0# - NOTA DE CONTENIDO CON FORMATO
Nota de contenido con formato El gran objetivo de nuestras publicaciones -- Los artículos para nuestras revistas -- Fundamentos, pilares e hitos -- Actitud hacia una nueva luz -- La investigación de nueva luz -- La integridad del mensaje -- Cóafrontar la oposición -- Palabras de precaución -- Actitud hacia las autoridades civiles -- Publicación de declaraciones conflictivas -- Consejos para los escritores -- Consejos para los redactores -- El órgano informativo de nuestra iglesia -- Las revistas misioneras -- Las revistas de educación -- Las revistas de salud -- La circulación de nuestras revistas -- La publicidad en los diarios -- La clase de libros que se necesita -- Duplicación de libros y nuevas ediciones -- Las publicaciones independientes -- La comisión de manuscritos -- La mayordomía del autos -- Las ilustraciones de nuestras publicaciones -- Las publicaciones en la culminación de la obra.
526 ## - NOTA DE INFORMACIÓN SOBRE EL PROGRAMA DE ESTUDIO
Nombre del programa Segunda Especialidad En Profecías Bíblicas
526 ## - NOTA DE INFORMACIÓN SOBRE EL PROGRAMA DE ESTUDIO
Nombre del programa Segunda Especialidad En Nuevo Testamento
526 ## - NOTA DE INFORMACIÓN SOBRE EL PROGRAMA DE ESTUDIO
Nombre del programa Segunda Especialidad En Antiguo Testamento
526 ## - NOTA DE INFORMACIÓN SOBRE EL PROGRAMA DE ESTUDIO
Nombre del programa Segunda Especialidad En Estudios Adventistas
526 ## - NOTA DE INFORMACIÓN SOBRE EL PROGRAMA DE ESTUDIO
Nombre del programa Doctorado en teología
526 ## - NOTA DE INFORMACIÓN SOBRE EL PROGRAMA DE ESTUDIO
Nombre del programa Maestría en teología histórica
526 ## - NOTA DE INFORMACIÓN SOBRE EL PROGRAMA DE ESTUDIO
Nombre del programa Maestría en teología bíblica
526 ## - NOTA DE INFORMACIÓN SOBRE EL PROGRAMA DE ESTUDIO
Nombre del programa Maestría en teología
526 ## - NOTA DE INFORMACIÓN SOBRE EL PROGRAMA DE ESTUDIO
Nombre del programa Maestría en misionología
526 ## - NOTA DE INFORMACIÓN SOBRE EL PROGRAMA DE ESTUDIO
Nombre del programa Maestría en liderazgo eclesiástico
526 ## - NOTA DE INFORMACIÓN SOBRE EL PROGRAMA DE ESTUDIO
Nombre del programa Teología
596 ## -
-- 1 3 4
650 14 - PUNTO DE ACCESO ADICIONAL DE MATERIA--TÉRMINO DE MATERIA
Término de materia o nombre geográfico como elemento de entrada Colportaje (Adventistas del Séptimo Día).
650 24 - PUNTO DE ACCESO ADICIONAL DE MATERIA--TÉRMINO DE MATERIA
Término de materia o nombre geográfico como elemento de entrada Evangelismo
Subdivisión general Publicaciones.
942 ## - ELEMENTOS DE ENTRADA SECUNDARIOS (KOHA)
Fuente del sistema de clasificación o colocación Clasificación Decimal Dewey
Tipo de ítem Koha
949 ## - PROCESAMIENTO DE INFORMACIÓN LOCAL (OCLC)
a 286.7325 OP
w DEWEY
c 1
i 47614
l CIA
m BWL
r 1
s Y
t BOOK
u 2015-6-24
x WHITE
z UNKNOWN
0 COMPRA
o .STAFF. Colección General
949 ## - PROCESAMIENTO DE INFORMACIÓN LOCAL (OCLC)
a 286.7325 OP
w DEWEY
c 2
i 47613
f 2017-2-15
g 1
l CCODEBUL1
m BUL
r 0
s Y
t BOOK
u 2015-6-24
x TEOLOGIA
z UNKNOWN
0 COMPRA
o .STAFF. Colección General
949 ## - PROCESAMIENTO DE INFORMACIÓN LOCAL (OCLC)
a W655.52 EOP 1996
w DEWEY
c 1
i FJ08807
l CCODECWJ1
m BUJ
p 10.00
r 0
s Y
t BOOK
u 2017-09-19
x BIBLIOTECA
z UNKNOWN
0 COMPRA
o .STAFF. Colección General Juliaca
949 ## - PROCESAMIENTO DE INFORMACIÓN LOCAL (OCLC)
a W655.52 EOP 1996
w DEWEY
c 2
i FJ08808
l CCODECWJ1
m BUJ
p 10.00
r 0
s Y
t BOOK
u 2017-09-19
x BIBLIOTECA
z UNKNOWN
0 COMPRA
o .STAFF. Colección General Juliaca
949 ## - PROCESAMIENTO DE INFORMACIÓN LOCAL (OCLC)
a W655.52 EOP 1996
w DEWEY
c 3
i FJ08809
l CCODECWJ1
m BUJ
p 10.00
r 0
s Y
t BOOK
u 2017-09-19
x BIBLIOTECA
z UNKNOWN
0 COMPRA
o .STAFF. Colección General Juliaca
949 ## - PROCESAMIENTO DE INFORMACIÓN LOCAL (OCLC)
a W655.52 EOP 1996
w DEWEY
c 4
i FJ08810
l CCODECWJ1
m BUJ
p 10.00
r 0
s Y
t BOOK
u 2017-09-19
x BIBLIOTECA
z UNKNOWN
0 COMPRA
o .STAFF. Colección General Juliaca
949 ## - PROCESAMIENTO DE INFORMACIÓN LOCAL (OCLC)
a W655.52 EOP 1996
w DEWEY
c 5
i FJ08811
l CCODECWJ1
m BUJ
p 10.00
r 0
s Y
t BOOK
u 2017-09-19
x BIBLIOTECA
z UNKNOWN
0 COMPRA
o .STAFF. Colección General Juliaca
949 ## - PROCESAMIENTO DE INFORMACIÓN LOCAL (OCLC)
a W655.52 EOP 1996
w DEWEY
c 6
i FJ08812
l CCODECWJ1
m BUJ
p 10.00
r 0
s Y
t BOOK
u 2017-09-19
x BIBLIOTECA
z UNKNOWN
0 COMPRA
o .STAFF. Colección General Juliaca
949 ## - PROCESAMIENTO DE INFORMACIÓN LOCAL (OCLC)
a W655.52 EOP 1996
w DEWEY
c 7
i FJ08813
l CCODECWJ1
m BUJ
p 10.00
r 0
s Y
t BOOK
u 2017-09-19
x BIBLIOTECA
z UNKNOWN
0 COMPRA
o .STAFF. Colección General Juliaca
994 ## -
-- C0
-- PEPRU
999 ## - NÚMEROS DE CONTROL DE SISTEMA (KOHA)
-- DEWEY
-- 47613
-- 2018-3-28
-- 2021-11-11
-- 4
-- CCODEBUL1
-- BUL
-- 1
-- 1
-- 0
-- Y
-- BOOK
-- 2015-6-24
-- TEOLOGIA
-- UNKNOWN
-- COMPRA
-- .STAFF. Colección General
999 ## - NÚMEROS DE CONTROL DE SISTEMA (KOHA)
-- DEWEY
-- CW47614
-- 2021-12-21
-- 2
-- CCODECWL1
-- BWL
-- 10.00
-- 1
-- Y
-- BOOK
-- 2015-6-24
-- WHITE
-- UNKNOWN
-- COMPRA
-- .STAFF. Centro White
999 ## - NÚMEROS DE CONTROL DE SISTEMA (KOHA)
-- DEWEY
-- FJ08807
-- 2022-2-3
-- 4
-- CCODECWJ1
-- BUJ
-- 10.00
-- 0
-- Y
-- BOOK
-- 2017-9-19
-- BIBLIOTECA
-- UNKNOWN
-- COMPRA
-- .STAFF. Colección General Juliaca
999 ## - NÚMEROS DE CONTROL DE SISTEMA (KOHA)
-- DEWEY
-- FJ08808
-- 2022-2-3
-- 4
-- CCODECWJ1
-- BUJ
-- 10.00
-- 0
-- Y
-- BOOK
-- 2017-9-19
-- BIBLIOTECA
-- UNKNOWN
-- COMPRA
-- .STAFF. Colección General Juliaca
999 ## - NÚMEROS DE CONTROL DE SISTEMA (KOHA)
-- DEWEY
-- FJ08809
-- 2018-6-15
-- 2022-2-3
-- 4
-- CCODECWJ1
-- BUJ
-- 1
-- 10.00
-- 0
-- Y
-- BOOK
-- 2017-9-19
-- BIBLIOTECA
-- UNKNOWN
-- COMPRA
-- .STAFF. Colección General Juliaca
999 ## - NÚMEROS DE CONTROL DE SISTEMA (KOHA)
-- DEWEY
-- FJ08810
-- 2022-2-3
-- 4
-- CCODECWJ1
-- BUJ
-- 10.00
-- 1
-- 0
-- Y
-- BOOK
-- 2017-9-19
-- BIBLIOTECA
-- UNKNOWN
-- COMPRA
-- .STAFF. Colección General Juliaca
999 ## - NÚMEROS DE CONTROL DE SISTEMA (KOHA)
-- DEWEY
-- FJ08811
-- 2022-2-3
-- 4
-- CCODECWJ1
-- BUJ
-- 10.00
-- 2
-- 0
-- Y
-- BOOK
-- 2017-9-19
-- BIBLIOTECA
-- UNKNOWN
-- COMPRA
-- .STAFF. Colección General Juliaca
999 ## - NÚMEROS DE CONTROL DE SISTEMA (KOHA)
-- DEWEY
-- FJ08812
-- 2022-2-3
-- 4
-- CCODECWJ1
-- BUJ
-- 10.00
-- 0
-- Y
-- BOOK
-- 2017-9-19
-- BIBLIOTECA
-- UNKNOWN
-- COMPRA
-- .STAFF. Colección General Juliaca
999 ## - NÚMEROS DE CONTROL DE SISTEMA (KOHA)
-- DEWEY
-- FJ08813
-- 2022-2-3
-- 4
-- CCODECWJ1
-- BUJ
-- 10.00
-- 0
-- Y
-- BOOK
-- 2017-9-19
-- BIBLIOTECA
-- UNKNOWN
-- COMPRA
-- .STAFF. Colección General Juliaca
980 ## - EQUIVALENCIA O REFERENCIA-CRUZADA-MENCIÓN DE SERIE--NOMBRE DE PERSONA/TÍTULO [LOCAL, CANADÁ]
ID del último usuario que modificó el registro 1
Nombre del último usuario que modificó el registro ALBERTO SANCHEZ Responsable de Automatización
Existencias
Visto por última vez Número de inventario Total de préstamos Signatura topográfica completa Código de barras Fecha del último préstamo Copia número Coste, precio de reemplazo Fecha de reemplazo Facultad Tipo de ítem Koha Nota pública Estado de pérdida Fuente del sistema de clasificación o colocación Restricciones de uso No para préstamo Colección Programa académico Biblioteca de origen Biblioteca actual Ubicación en estantería Fecha de adquisición Fuente de adquisición Coste, precio normal de compra
2025-12-02 5 1 286.7325 OP 47613 2018-03-28 e2 15.00 2015-06-24   Libros físicos inventario-2023-12-13 No Perdido Clasificación Decimal Dewey No restringido Disponible para préstamos Colección General Teología Biblioteca CRAI UPeU Lima Biblioteca CRAI UPeU Lima Sala principal 2015-06-24 COMPRA 10.00